LEADER 01726nam 2200445 n 450 001 996392660703316 005 20221108031534.0 035 $a(CKB)1000000000685406 035 $a(EEBO)2248525430 035 $a(UnM)99845566 035 $a(EXLCZ)991000000000685406 100 $a19911001d1633 uy | 101 0 $aeng 135 $aurbn||||a|bb| 200 00$aNicetas or the triumph ouer incontinencie written in Latin by. F. Hier. Drexelius of the Society of Iesus. And translated into English by. R.S. 1633$b[electronic resource] 210 $a[Rouen $cPrinted by the widow of N. Courant$d1633] 215 $a[22], 140, 161-426 [i.e. 424], 429-464, [2] p 300 $aR.S. = Robert Samber? Robert Stanford?. 300 $aA translation of: Nicetas seu triumphata incontinentia. 300 $aThe title page is engraved. 300 $aImprint from STC. 300 $aP. 424 misnumbered 426. 300 $aWith a final colophon leaf. 300 $aRunning title reads: The triumph ouer incontinencie. 300 $aReproduction of the original in the University of Illinois (Urbana-Champaign Campus). Library. 330 $aeebo-0167 606 $aChristian life$vEarly works to 1800 615 0$aChristian life 700 $aDrexel$b Jeremias$f1581-1638.$0718089 701 $aR. S$cgent.$01003866 702 $aSamber$b Robert 702 $aStanford$b Robert 801 0$bCu-RivES 801 1$bCu-RivES 801 2$bCStRLIN 801 2$bWaOLN 906 $aBOOK 912 $a996392660703316 996 $aNicetas or the triumph ouer incontinencie written in Latin by. F. Hier. Drexelius of the Society of Iesus. And translated into English by. R.S. 1633$92406855 997 $aUNISA LEADER 02468nam 2200649 a 450 001 9910953773903321 005 20250919111953.0 010 $a9786613593962 010 $a9780191627897 010 $a0191627895 010 $a9780191627903 010 $a0191627909 010 $a9781280498732 010 $a1280498730 010 $a9780191738449 010 $a0191738441 035 $a(CKB)24235116100041 035 $a(MiAaPQ)EBC3054515 035 $a(MiAaPQ)EBC7036376 035 $a(Au-PeEL)EBL3054515 035 $a(CaPaEBR)ebr10531080 035 $a(CaONFJC)MIL359396 035 $a(OCoLC)922971150 035 $a(PPN)169260232 035 $a(Au-PeEL)EBL7036376 035 $a(OCoLC)785221519 035 $a(EXLCZ)9924235116100041 100 $a20111007d2012 uy 0 101 0 $aeng 135 $aur||||||||||| 181 $ctxt$2rdacontent 182 $cc$2rdamedia 183 $acr$2rdacarrier 200 13$aAn introduction to model-based survey sampling with applications /$fRaymond L. Chambers, Robert G. Clark 205 $a1st ed. 210 $aOxford ;$aNew York $cOxford University Press$d2012 215 $axiv, 265 p. $cill 225 1 $aOxford statistical science series ;$v37 311 08$a9780198566625 320 $aIncludes bibliographical references and index. 327 $apt. 1. Basics of model-based survey inference -- pt. 2. Robust model-based survey methods -- pt. 3. Applications of model-based survey inference. 330 $aThis text brings together important ideas on the model-based approach to sample survey, which has been developed over the last twenty years. Suitable for graduate students and professional statisticians, it moves from basic ideas fundamental to sampling to more rigorous mathematical modelling and data analysis and includes exercises and solutions. 410 0$aOxford statistical science series ;$v37. 606 $aSampling (Statistics)$xMethodology 606 $aSampling (Statistics)$xMathematical models 615 0$aSampling (Statistics)$xMethodology. 615 0$aSampling (Statistics)$xMathematical models. 676 $a519.5/2 700 $aChambers$b R. L$g(Ray L.)$0166179 701 $aClark$b Robert G$0466 801 0$bMiAaPQ 801 1$bMiAaPQ 801 2$bMiAaPQ 906 $aBOOK 912 $a9910953773903321 996 $aAn introduction to model-based survey sampling with applications$94359054 997 $aUNINA